| 000 | 00602nam a2200181 a 4500 | ||
|---|---|---|---|
| 001 | 000147095 | ||
| 003 | AM-YEHGA | ||
| 005 | 20250617163631.0 | ||
| 008 | 030329s1961 ||||||||||||||||||||rus c | ||
| 040 | _aAM-YeHGA | ||
| 100 | 1 | _aЛемберг, М.Д. | |
| 245 | 1 | 0 |
_aПневмоавтоматика / _cМ.Д. Лемберг. |
| 260 |
_aЛенинград ; _aМосква : _bГосэнергоиздат, _c1961. |
||
| 300 | _a112 с. | ||
| 440 | 0 |
_aБиблиотека по автоматике _vВып. 46 |
|
| 650 | 1 | 4 | _aОбщетехнические дисциплины |
| 090 | _c513340 | ||
| 999 |
_c509877 _d509877 |
||